LEADER 01096nam0-2200349---450- 001 990000132020403321 005 20081112123842.0 035 $a000013202 035 $aFED01000013202 035 $a(Aleph)000013202FED01 035 $a000013202 100 $a20020821d1871----km-y0itay50------ba 101 0 $aita 105 $ay-------001yy 200 1 $a<>Polonia e sua rivoluzione nel 1380$fper Romano Soltyk$gcon proemio generale di Cesare Cantù e appendice degli avvenimenti posteriori 210 $aMilano$cCorona e Caimi$d1870 215 $a435 p.$cill.$d20 cm 225 1 $aCollana di storie e memorie contemporanee$v1 610 0 $aPolonia$aStoria$aSec. 19. 676 $a943.8 676 $a909 700 1$aSoltyk,$bRomano$08555 702 0$aCantù,$bCesare$f<1804?1895> 801 0$aIT$bUNINA$gRICA$2UNIMARC 901 $aBK 912 $a990000132020403321 952 $a13 AR 25 A 01$b9213$fFINBC 952 $a909 CAN 4 (1)$bR.Bibl. 451/4310$fFLFBC 959 $aFINBC 959 $aFLFBC 996 $aPolonia e sua rivoluzione nel 1380$9113870 997 $aUNINA LEADER 00892nam0 22002771i 450 001 RML0296849 005 20231121125740.0 010 $a0023721618 100 $a20121121d1990 ||||0itac50 ba 101 | $aeng 102 $aus 181 1$6z01$ai $bxxxe 182 1$6z01$an 200 1 $aPlasticity theory$fJacob Lubliner 210 $aNew York $cMacMillan $d1990 215 $aXIV, 496 p.$d26 cm. 676 $a531.38$9$v21 700 1$aLubliner$b, Jacob$3RMLV191719$031843 801 3$aIT$bIT-01$c20121121 850 $aIT-FR0099 899 $aBiblioteca Area Ingegneristica$bFR0099 912 $aRML0296849 950 0$aBiblioteca Area Ingegneristica$d 54DII 531 LUB$e 54VM 0000666435 VM barcode:BAIN003974. - Inventario:2332DVM$fA $h20070219$i20121204 977 $a 54 996 $aPlasticity theory$9263295 997 $aUNICAS